| 000 | 00471nab a2200145Ia 4500 | ||
|---|---|---|---|
| 003 | ES-SlBCS | ||
| 005 | 20230622162729.0 | ||
| 008 | 140529s1966 xxu||||| |||| 00| 0 ita d | ||
| 041 | _aita | ||
| 100 | 1 |
_aBerti, Enrico _922748 |
|
| 245 | 0 | 0 |
_aIl quarto Symposium Aristotelicum (Göteborg, 23-31 agosto 1966) _c Enrico Berti |
| 600 | 0 | 0 |
_aAristóteles _d384-322 a.C. _913292 |
| 773 | 0 |
_tGiornali di Metafisica _gvol. 21, nº. 6, 1966, págs. 801-805 _w0017-0372 |
|
| 942 | _cAR | ||
| 999 |
_c586993 _d586993 |
||